Speed Countries - Statistics

General Stats
  • This quiz has been taken 107 times
  • The average score is 19 of 24
Answer Stats
Hint Answer % Correct
A Afghanistan | Albania | Algeria | Andorra | Angola | Antigua and Barbuda | Argentina | Armenia | Australia | Austria | Azerbaijan
100%
C Cabo Verde | Cape Verde | Cambodia | Cameroon | Canada | Central African Republic | Chad | Chile | China | Colombia | Comoros | Congo | Republic of the Congo | Congo | Democratic Republic of the Congo | Costa Rica | Croatia | Cuba | Cyprus | Czechia | Czech Republic
100%
F Fiji | Finland | France
100%
B Bahamas | Bahrain | Bangladesh | Barbados | Belarus | Belgium | Belize | Benin | Bhutan | Bolivia | Bosnia and Herzegovina | Botswana | Brazil | Brunei | Bulgaria | Burkina Faso | Burundi
98%
E Ecuador | Egypt | El Salvador | Equatorial Guinea | Eritrea | Estonia | Eswatini | Swaziland | Ethiopia
96%
D Denmark | Djibouti | Dominica | Dominican Republic
94%
I Iceland | India | Indonesia | Iran | Iraq | Ireland | Israel | Italy
94%
G Gabon | Gambia | The Gambia | Georgia | Germany | Ghana | Greece | Grenada | Guatemala | Guinea | Guinea-Bissau | Guyana
92%
H Haiti | Honduras | Hungary
92%
J Jamaica | Japan | Jordan
92%
L Laos | Latvia | Lebanon | Lesotho | Liberia | Libya | Liechtenstein | Lithuania | Luxembourg
89%
K Kazakhstan | Kenya | Kiribati | Korea | North Korea | Korea | South Korea | Kosovo | Kuwait | Kyrgyzstan
83%
M Madagascar | Malawi | Malaysia | Maldives | Mali | Malta | Marshall Islands | Mauritania | Mauritius | Mexico | Micronesia | Moldova | Monaco | Mongolia | Montenegro | Morocco | Mozambique | Myanmar | Burma
83%
N Namibia | Nauru | Nepal | Netherlands | Holland | New Zealand | Nicaragua | Niger | Nigeria | North Macedonia | Macedonia | Norway
79%
P Pakistan | Palau | Panama | Papua New Guinea | Paraguay | Peru | Philippines | Poland | Portugal
79%
O Oman
75%
Q Qatar
70%
R Romania | Russia | Rwanda
66%
S Saint Kitts and Nevis | Saint Lucia | Saint Vincent and the Grenadines | Samoa | San Marino | Sao Tome and Principe | Saudi Arabia | KSA | Senegal | Serbia | Seychelles | Sierra Leone | Singapore | Slovakia | Slovenia | Solomon Islands | Somalia | South Africa | South Sudan | Spain | Sri Lanka | Sudan | Suriname | Sweden | Switzerland | Syria
58%
U Uganda | Ukraine | United Arab Emirates | UAE | United Kingdom | UK | United States | US | Uruguay | Uzbekistan
58%
T Tajikistan | Tanzania | Thailand | Timor-Leste | East Timor | Togo | Tonga | Trinidad and Tobago | Tunisia | Turkey | Türkiye | Turkmenistan | Tuvalu
55%
V Vanuatu | Vatican City | Holy See | Venezuela | Vietnam
53%
Y Yemen
51%
Z Zambia | Zimbabwe
43%
No matching quizzes found
Score Distribution
Percent of People with Each Score
Percentile by Number Answered
Your Score History
You have not taken this quiz